000 00572nam a2200205Ii 4500
003 JO-AjNU
008 230605s9999||||xx |||||||||||||| ||und||
040 _aJO-AjNU
_bara
_erda
_cJO-AjNU
041 _aara
050 1 4 _aPQ2254 2003
100 3 _aجبري، شفيق,
_eauthor
_99022
245 0 0 _aأناتول فرانس
250 _aط2
264 3 1 _aد.م: دار قتيبة، 2003
300 _a80ص
336 _atext
_btxt
_2rdacontent
337 _aunmediated
_bn
_2rdamedia
338 _avolume
_bnc
_2rdacarrier
650 4 _aالقصص الفرنسية
_99023
999 _aA1087
_c4655
_d4655